Die Fledermaus : Operette in drei Akten = The Bat : Operetta in Three Acts = La Chauve-Souris : Opérette en trois actes /

Representación de El murciélago (1874), conocida opereta en tres actos del compositor austríaco Johann Strauss (1825-1899). La presente representación contó con la participación de la Orquesta Estatal de Bavaria, bajo la batuta de Carlos Kleiber, y con la producción de escena de Otto Schenk.

Guardado en:
Detalles Bibliográficos
Autor principal: Strauss, Johann, hijo (música)
Autores corporativos: Bayerischen Staatsoper (Ballet) (ejecución dancística), Bayerischen Staatsoper (Chor) (voz), Bayerischen Staatsoper (Orchester) (ejecución musical)
Otros autores: Haffner, Carl (libreto) (libreto), Genée, Richard (libreto) (libreto), Schenk, Otto (versión) (versión), Weiser, Peter (versión) (versión), Hopferwieser, Josef (voz) (voz), Gruber, Ferry (voz) (voz), Wächter, Eberhard (voz) (voz), Brendel, Wolfgang (voz) (voz), Kusche, Benno (voz) (voz), Coburn, Pamela (voz) (voz), Perry, Janet (voz) (voz), Steinbeisser, Irene (voz) (voz), Fassbaender, Brigitte (voz) (voz), Muxeneder, Franz (voz) (voz), Kleiber, Carlos (dirección musical) (dirección musical), Large, Brian (realización) (realización), Schenk, Otto (dirección de escena) (dirección de escena), Sittl, Gottfried (fotógrafo) (fotógrafo), Claudius, Peter (fotógrafo) (fotógrafo), Gref, Thomas (fotógrafo) (fotógrafo), Forck, Gerhard (edición) (edición)
Formato: Audiovisual
Idioma:Alemán
Publicado: Munich, Alemania : Unitel Productions, 1987, c1987
Hamburgo, Alemania : Deutsche Grammophon [dist.], 2001, c2001
Temas:
Etiquetas: Agrega una etiqueta
Sin etiquetas, Sé el primero en etiquetar este registro!

MARC

LEADER 00000ngm^a2200000^a^4500
001 000171847
005 20251020000000.0
009 20260526125713.59
037 |a Acervo ITESO - Biblioteca 
041 |a SON 
041 |a ALE 
082 |a 784. 07  |b STR JOH 
100 |a Strauss, Johann,  |c hijo  |e (música) 
240 1 4 |a [El murciélago, de Johann Strauss hijo] 
245 1 4 |a Die Fledermaus :  |b Operette in drei Akten = The Bat : Operetta in Three Acts = La Chauve-Souris : Opérette en trois actes /  |c Música de J. Strauss, hijo ; libreto de C. Haffner, R. Genée ; versión de O. Schenk, P. Weiser ; tenor J. Hopferwieser, F. Gruber, Ferry; barítono E. Wächter, W. Brendel, B. Kusche ; soprano P. Coburn, J. Perry, I. Steinbeisser; mezzosoprano B. Fassbaender ; voz recitante F. Muxeneder ; ejecución dancística del Bayerischen Staatsoper (Ballet) ; coro del Bayerischen Staatsoper (Chor) ; ejecución musical de la Bayerischen Staatsoper (Orchester) ; dir. musical de C. Kleiber ; realización de B. Large ; dir. de escena de O. Schenk ; fotografía de G. Sittl, P. Claudius, T. Gref ; ed. del folleto de G. Forck. 
264 4 |a Munich, Alemania :  |b Unitel Productions,  |c 1987, c1987 
264 4 |a Hamburgo, Alemania :  |b Deutsche Grammophon [dist.],  |c 2001, c2001 
300 |a 1 DVD multirregión  |c (155 min.) (DVD no disponible para préstamo externo) +  |e 1 folleto (24 p.) 
336 |a imagen móvil bidimensional  |b tdi  |2 rdacontenido 
337 |a video  |b v  |2 rdamedio 
338 |a videodisco  |b vd  |2 rdasoporte 
500 |a Basado en: Le Réveillon, de Henri Meilhac y Ludovic Halévy 
520 |a Representación de El murciélago (1874), conocida opereta en tres actos del compositor austríaco Johann Strauss (1825-1899). La presente representación contó con la participación de la Orquesta Estatal de Bavaria, bajo la batuta de Carlos Kleiber, y con la producción de escena de Otto Schenk. 
546 |a En alemán, con subtítulos opcionales: chino, inglés 
546 |a Edición trilingüe alemán-francés-inglés (folleto) 
649 |a XX 
650 |a Músicos Austríacos 
650 |a Artistas Austríacos 
650 |a Identidad Personal 
650 |a Venganza 
650 |a Opereta -  |z Austria 
650 |a Opera Cómica -  |z Austria 
650 |a Música para Representación -  |z Austria 
650 |a Música en el Teatro -  |z Austria 
650 |a Música Vocal -  |z Austria 
650 |a Música Romántica -  |z Austria 
650 |a Música de Concierto -  |z Austria 
650 |a Música Austríaca -  |y Siglo XIX 
650 |a Música y Literatura 
650 |a Teatro 
650 |a Artes Escénicas 
710 |a Bayerischen Staatsoper (Ballet)  |e (ejecución dancística) 
710 |a Bayerischen Staatsoper (Chor)  |e (voz) 
710 |a Bayerischen Staatsoper (Orchester)  |e (ejecución musical) 
700 |a Haffner, Carl  |e (libreto) 
700 |a Genée, Richard  |e (libreto) 
700 |a Schenk, Otto  |e (versión) 
700 |a Weiser, Peter  |e (versión) 
700 |a Hopferwieser, Josef  |e (voz) 
700 |a Gruber, Ferry  |e (voz) 
700 |a Wächter, Eberhard  |e (voz) 
700 |a Brendel, Wolfgang  |e (voz) 
700 |a Kusche, Benno  |e (voz) 
700 |a Coburn, Pamela  |e (voz) 
700 |a Perry, Janet  |e (voz) 
700 |a Steinbeisser, Irene  |e (voz) 
700 |a Fassbaender, Brigitte  |e (voz) 
700 |a Muxeneder, Franz  |e (voz) 
700 |a Kleiber, Carlos  |e (dirección musical) 
700 |a Large, Brian  |e (realización) 
700 |a Schenk, Otto  |e (dirección de escena) 
700 |a Sittl, Gottfried  |e (fotógrafo) 
700 |a Claudius, Peter  |e (fotógrafo) 
700 |a Gref, Thomas  |e (fotógrafo) 
700 |a Forck, Gerhard  |e (edición) 
910 |a Fondo General 
920 |a Audiovisuales - DVDs 
940 |a DVDs y Videos de Música 
905 |a 307 
901 |a 0500088261  |b IT2  |c DVM  |u 20250521 
901 |a 0500047846  |b IT2  |c MIM  |u 20251020 
902 |a https://opac.biblio.iteso.mx/vufind/Record/000171847